00481nam a22001217a 4500003000400000005001700004008004100021020001800062040000700080082000800087245024600095300001800341OSt20211010071235.0211010b |||||||| |||| 00| 0 eng d a9782296107311 cHU a330 aMitigating the impacts of the financial and economic crisis in Africa : bproceedings of the workshop on 'The global financial and economic crisis : strategies for mitigating its impacts on Africa' : held on 10th April 2009 in Tunis, Tunisia a211bPCc24cm